00664cam a22002293a 450000100060000000300080000600500170001400800390003103500190007004000270008904100080011608200210012410000260014524500450017126000480021630000280026450400200029260000200031265500480033265500290038070000250040920419BD-RjUL20211209000549.0140301s1935 enk 001 0deng a(BD-RjUL)20481 aDLCcDLCbengdBD-RjUL aeng00a822.33bSHK 19351 aShakespeare, William,00aKing John /cEdited by A. J. F. Collins. aLondon :bUniversity tutorial press,c1935. axxxii, 133 p. ;c19 cm. aIncludes index.00aJohnd1167-1216 7aTheater programszWashington (D.C.)2rbgenr 7aTheater programs2rbgenr1 a Collins, A. J. F. ,